1989 Taylor's version - All songs in order - Statistieken

Algemene statistieken
  • Deze quiz is 7 keer genomen
  • De gemiddelde score is 15 van 21
Antwoordstatistieken
Hint Antwoord % Correct
5 All You Had To Do Was Stay
100%
2 Blank Space
100%
4 Out Of The Woods
100%
3 Style
100%
1 Welcome to New York
100%
8 Bad Blood
75%
13 Clean
75%
12 I Know Places
75%
21 Is It Over Now?
75%
7 I Wish You Would
75%
18 Say Don't Go
75%
6 Shake It Off
75%
9 Wildest Dreams
75%
15 You Are In Love
75%
10 How You Get The Girl
50%
16 New Romantics
50%
19 Now That We Don't Talk
50%
17 "Slut!"
50%
20 Suburban Legends
50%
11 This Love
50%
14 Wonderland
50%
Geen overeenkomende quizzen gevonden
Scoreverdeling
Procent van Mensen met Elke Score
Percentiel versus Aantal Correcte Antwoorden
Uw Scoregeschiedenis
U heeft deze quiz nog niet genomen